| 000 | 00325nam a22001217a 4500 | ||
|---|---|---|---|
| 082 |
_a530 _bDAS/P |
||
| 100 | _aSHIV DAS | ||
| 245 |
_aCBSE PAST 6 YEARS QUESTION PAPERS PHYSICS _bCLASS XII |
||
| 260 |
_aDELHI _bSHIV DAS & SONS |
||
| 300 | _a108 | ||
| 650 |
_aPHYSICS PREVIOUS YEAR QUESTION PAPERS FOR CLASS XII _zINDIA |
||
| 942 | _cBK | ||
| 999 |
_c681 _d681 |
||